00342 a2200145 450000100060000002000060000604000220001210000090003424000340004324500290007730000060010636200060011244000230011865000550014155521 a  cAnchieta - Pituba aMalu10a1ª Biologia, II unidadelpor10a1ª Biologia, II unidade a60 a0 1aColégio Anchieta 4aBIOLOGIA, CIÊNICAS DA VIDA (CIÊNCIAS NATURAIS)